000 00469cam a2200145 4500500
005 20260322014109.0
041 _afre
042 _adc
100 1 0 _aChampion, Yannick
_eauthor
245 0 0 _aMetal nanofoams
260 _c2026.
500 _a76
786 0 _nFunctional materials - Bio-based materials | - | 2026-03-05 | p. 32-32
856 4 1 _uhttps://stm.cairn.info/functional-surfaces-and-structures--bdti42534210-n3806-page-32?lang=en&redirect-ssocas=7080
999 _c1786318
_d1786318